000 00810nam a2200229 a 4500
001 000011347
005 20240412074225.0
008 091016s1994 dr a 000 j spa d
040 _aDO-SdBNP
_bspa
_cBNPHU
082 _aRD863.44
_bL789c
100 1 _aLizardo, Luis Francisco
_926951
245 1 0 _aCuentos para contar otros cuentos /
_cLuis Francisco Lizardo.
260 _aSanto Domingo :
_bUniversitaria-UASD,
_c1994.
300 _a64 p. :
_bil. ;
_c21 cm.
490 1 _aUniversidad Autónoma de Santo Domingo
_v750
590 _aInventariado, 2020/BT
650 0 _aCuentos dominicanos
_9176
650 0 _aLiteratura dominicana.
_967
710 1 2 _aUniversidad Autónoma de Santo Domingo
_972951
830 0 _aUniversida Autónoma de Santo Domingo
_n750
_926952
910 _aValidado. Control de calidad MFF
999 _c11054
_d11054